| 000 | 01646nam a22004097a 4500 | ||
|---|---|---|---|
| 003 | CHAP | ||
| 005 | 20220329134455.0 | ||
| 008 | 971013s1966 r 00010 d | ||
| 010 | _a20902 | ||
| 011 | _a21874 | ||
| 035 | _a25965 | ||
| 040 | _cCHAP | ||
| 082 |
_a631.16 _bA77 |
||
| 100 | 0 | 0 |
_aArroyo Eguiarte, Jesús. _97524 |
| 245 | _aContabilidad agrícola | ||
| 260 |
_aChapingo, Méx. : _bENA, _c1966 |
||
| 300 |
_a207 p. _b; tablas |
||
| 500 | _aCopias en bodega | ||
| 590 |
_aBATCH-UPD _b10 _c20130110 _lUCH01 _h0154 |
||
| 590 |
_aBATCH-UPD _b10 _c20130110 _lUCH01 _h2017 |
||
| 590 |
_aBATCH-UPD _b10 _c20130409 _lUCH01 _h2155 |
||
| 590 |
_aBATCH-UPD _b10 _c20130914 _lUCH01 _h0402 |
||
| 590 |
_aCONVERSION _b10 _c20130109 _lUCH01 _h1312 |
||
| 650 | 1 | 4 |
_aAgricultura _xContabilidad. _91378 |
| 901 | _aBK | ||
| 942 | _cLIBRO | ||
| 949 |
_a631.16 A77 _bBC _cLIBRO _d33724000055232 _eLIBRO _fc.2 _h28434 _i25965 _si |
||
| 949 |
_a631.16 A77 _bBC _cLIBRO _d33724000055240 _eLIBRO _fc.4 _h20568 _i25965 _si |
||
| 949 |
_a631.16 A77 _bBC _cLIBRO _d33724000055257 _eLIBRO _fc.3 _h20567 _i25965 _si |
||
| 949 |
_a631.16 A77 _bBC _cLIBRO _d33724000055265 _eLIBRO _h20566 _i25965 _mD _si |
||
| 949 |
_a631.16 A77 _bBC _cLIBRO _d33724000055331 _eLIBRO _fc.7 _h20571 _i25965 _si |
||
| 949 |
_a631.16 A77 _bBC _cLIBRO _d33724000055349 _eLIBRO _fc.8 _h20572 _i25965 _si |
||
| 949 |
_a631.16 A77 _bBC _cLIBRO _d33724000055356 _eLIBRO _fc.9 _h20573 _i25965 _si |
||
| 949 |
_a631.16 A77 _bBC _cLIBRO _d33724000055364 _eLIBRO _fc.10 _h20574 _i25965 _si |
||
| 949 |
_a631.16 A77 _bBC _cLIBRO _d33724000555850 _eLIBRO _fc.5 _h20569 _i25965 _si |
||
| 949 |
_a631.16 A77 _bBC _cUACH _d-61921 _eUACH _fc.51 _h32490 _i25965 _mD _si |
||
| 999 |
_c20902 _d20902 |
||